书目信息 |
| 题名: |
35堂创业必修课
|
|
| 作者: | 梭杜斯, 著 ;咏雪 译 | |
| 分册: | ||
| 出版信息: | 北京 团结出版社 2005.04 |
|
| 页数: | 156页 | |
| 开本: | 23cm | |
| 丛书名: | ||
| 单 册: | ||
| 中图分类: | F270 | |
| 科图分类: | ||
| 主题词: | 企业管理--qi ye guan li | |
| 电子资源: | ||
| ISBN: | 7-80130-856-5 | |
| 000 | 01094nam0 2200277 450 | |
| 001 | 012006609702 | |
| 005 | 20061018093255.82 | |
| 010 | @a7-80130-856-5@dCNY19.80 | |
| 100 | @a20060914d2005 km y0chiy0120 ea | |
| 101 | 1 | @achi@ceng |
| 102 | @aCN@b110000 | |
| 105 | @ay z 000yy | |
| 200 | 1 | @a35堂创业必修课@A35 tang chuang ye bi xiu ke@f(美) 马克·梭杜斯著@F(mei)ma ke·suo du si zhu@g咏雪译@Gyong xue yi |
| 210 | @a北京@c团结出版社@d2005.04 | |
| 215 | @a156页@d23cm | |
| 306 | @a本书中文简体字翻译版由汤姆森学习出版集团授权团结出版社独家出版发行。 | |
| 312 | @a英文题名取自封面。 | |
| 330 | @a如果了解和掌握这些商业知识需要你毕生的精力的话,或许你可以读本书。他在剖析商业活动以及强调人们的主观参与对商业活动的影响方面巨头自己独特的见解。 | |
| 333 | @a企业管理人员 | |
| 510 | 1 | @aBusiness lessons for entrepreneurs@e35 things learned before the age of thirty@zeng |
| 606 | 0 | @a企业管理@Aqi ye guan li |
| 690 | @aF270@v4 | |
| 701 | 1 | @a梭杜斯,@Asuo du si,@bM. D.@g(Csordos, Mark D.)@4著 |
| 702 | 0 | @a咏雪@Ayong xue@4译 |
| 801 | 0 | @aCN@c20061018 |
| 905 | @a10447@dF270@eS993 | |
| 35堂创业必修课/(美) 马克·梭杜斯著/咏雪译.-北京:团结出版社,2005.04 |
| 156页;23cm |
| 使用对象:企业管理人员 |
| ISBN 7-80130-856-5:CNY19.80 |
| 如果了解和掌握这些商业知识需要你毕生的精力的话,或许你可以读本书。他在剖析商业活动以及强调人们的主观参与对商业活动的影响方面巨头自己独特的见解。 |
| ● |
| 相关链接 |
|
|
|
正题名:35堂创业必修课
索取号:F270/S993
 
预约/预借
| 序号 | 登录号 | 条形码 | 馆藏地/架位号 | 状态 | 备注 |
| 1 | 221473 | 202214736 | 社科库409/409社科库 84排3列5层/ [索取号:F270/S993] | 在馆 | |
| 2 | 221474 | 202214745 | 社科库409/409社科库 84排3列5层/ [索取号:F270/S993] | 在馆 | |
| 3 | 221475 | 202214754 | 社科库409/409社科库 84排3列5层/ [索取号:F270/S993] | 在馆 |